Croatian Cuisine by Images - Statistics

General Stats
  • This quiz has been taken 26 times
  • The average score is 5 of 16
Answer Stats
Picture Answer % Correct
Cevapi
86%
Sarma
73%
Kremsnita
50%
Krafne
45%
Strukli
45%
Punjena Paprika
36%
Black Risotto
27%
Buzara
23%
Soparnik
23%
Brudet
18%
Pasticada
18%
Zagreb Schnitzel
18%
Fis Paprikas
9%
Fritaja
9%
Dalmatinska Peka
0%
Istrian Stew
0%
No matching quizzes found
Score Distribution
Percent of People with Each Score
Percentile by Number Answered
Your Score History
You have not taken this quiz